<?xml version="1.0" encoding="UTF-8"?><?xml-stylesheet type="text/xsl" href="static/style.xsl"?><OAI-PMH xmlns="http://www.openarchives.org/OAI/2.0/" xmlns:xsi="http://www.w3.org/2001/XMLSchema-instance" xsi:schemaLocation="http://www.openarchives.org/OAI/2.0/ http://www.openarchives.org/OAI/2.0/OAI-PMH.xsd"><responseDate>2026-06-02T11:52:37Z</responseDate><request verb="GetRecord" identifier="oai:riuma.uma.es:10630/41323" metadataPrefix="marc">https://riuma.uma.es/rest/oai/request</request><GetRecord><record><header><identifier>oai:riuma.uma.es:10630/41323</identifier><datestamp>2026-02-03T10:14:46Z</datestamp><setSpec>com_10630_1685</setSpec><setSpec>col_10630_38083</setSpec></header><metadata><record xmlns="http://www.loc.gov/MARC21/slim" xmlns:dcterms="http://purl.org/dc/terms/" xmlns:doc="http://www.lyncode.com/xoai" xmlns:xsi="http://www.w3.org/2001/XMLSchema-instance" xsi:schemaLocation="http://www.loc.gov/MARC21/slim http://www.loc.gov/standards/marcxml/schema/MARC21slim.xsd">
   <leader>00925njm 22002777a 4500</leader>
   <datafield ind2=" " ind1=" " tag="042">
      <subfield code="a">dc</subfield>
   </datafield>
   <datafield ind2=" " ind1=" " tag="720">
      <subfield code="a">Flores-Quesada, María Magdalena</subfield>
      <subfield code="e">author</subfield>
   </datafield>
   <datafield ind2=" " ind1=" " tag="260">
      <subfield code="c">2025-12-19</subfield>
   </datafield>
   <datafield ind2=" " ind1=" " tag="520">
      <subfield code="a">La actividad "Setting as a tool for characterisation", dirigida al alumnado de Análisis de Textos Literarios Ingleses del Grado de Estudios Ingleses y del Doble Grado de Educación Primaria y Estudios Ingleses consiste en demonstrar la importancia de analizar el espacio como herramienta para la caracterización de los personajes en las obras literarias. Para ello, se propone una actividad con una secuencia en cuatro partes que combina tareas en asamblea, de trabajo individual y en pequeños grupos para trabajar la relación entre el espacio y los personajes en los textos literarios. La actividad fomenta la reflexión crítica, el análisis de textos, la creatividad, la discusión oral y la expresión oral y escrita en inglés.</subfield>
   </datafield>
   <datafield ind1="8" ind2=" " tag="024">
      <subfield code="a">https://hdl.handle.net/10630/41323</subfield>
   </datafield>
   <datafield tag="653" ind2=" " ind1=" ">
      <subfield code="a">Literatura inglesa - Estudio y enseñanza</subfield>
   </datafield>
   <datafield tag="653" ind2=" " ind1=" ">
      <subfield code="a">Literatura - Teoría y técnica</subfield>
   </datafield>
   <datafield ind2="0" ind1="0" tag="245">
      <subfield code="a">Setting as a tool for characterisation.</subfield>
   </datafield>
</record>
</metadata></record></GetRecord></OAI-PMH>